History Quiz

Random History or Art Quiz
Score 0/21 Timer 04:00
22 Plays Today
Question Answer Wrong Answers
Artist
Sandro Botticelli
???
95.8%
???
1.4%
???
0.9%
???
0.6%
Artistic Movement
Surrealism
???
94.4%
???
0.5%
???
0.5%
???
0.3%
Title
Number 1A
???
94.3%
???
0.2%
???
0.2%
???
0.2%
Title
The Birth of Venus
???
94.1%
???
0.5%
???
0.3%
???
0%
Present Location
Uffizi Gallery, Florence, Italy
???
93.8%
???
0.4%
???
0.3%
???
0.6%
Artistic Movement
Italian Renaissance
???
93.1%
???
1.1%
???
0.1%
???
1.5%
Date Created
1884-1886
???
93.1%
???
1.8%
???
0.8%
???
0.5%
Congratulations!
Click the top left painting to end.
???
92.4%
???
1.4%
???
0.3%
???
0.2%
Title
A Sunday Afternoon on the Island of La Grande Jatte
???
90.2%
???
2.2%
???
2%
???
0.5%
Present Location
Museum of Modern Art, New York City, USA (Abstract Expressionism)
???
88.9%
???
3.6%
???
1.5%
???
1.2%
Artist
Jackson Pollock
???
88.6%
???
4.5%
???
1.8%
???
4.8%
Date Created
c. 1480
???
88.2%
???
3.1%
???
2.8%
???
3.3%
Title
The Persistence of Memory
???
87.1%
???
0.3%
???
7.5%
???
0%
Artist
Salvador Dalí
???
85.2%
???
9.2%
???
2.8%
???
2.7%
Artistic Movement
Pointillist
???
82.8%
???
0.5%
???
9.9%
???
2.6%
Artist
Georges Seurat
???
80%
???
16.9%
???
1.5%
???
1%
Date Created
1931
???
79.9%
???
0.8%
???
0.7%
???
15.1%
Artistic Movement
Abstract Expressionism
???
63.8%
???
1.6%
???
24.1%
???
6.4%
Present Location
Museum of Modern Art, New York City, USA (Surrealism)
???
61.5%
???
2.2%
???
31.1%
???
0.7%
Date Created
1948
???
46.3%
???
1.3%
???
41.9%
???
7.4%
Present Location
Art Institute of Chicago, Chicago, USA
???
32.8%
???
2.5%
???
12.3%
???
47.9%
Remove Ads.
Support Sporcle.
Get the best of Sporcle when you Go Orange. This ad-free experience offers more features, more stats, and more fun while also helping to support Sporcle. Thank you for becoming a member.

You're not logged in!

Compare scores with friends on all Sporcle quizzes.
OR
Log In

Show Comments

Extras

Top Quizzes Today


Score Distribution

Your Account Isn't Verified!

In order to create a playlist on Sporcle, you need to verify the email address you used during registration. Go to your Sporcle Settings to finish the process.

Report this User

Report this user for behavior that violates our Community Guidelines.

Details: